| 000 | 00731nam a2200265Ia 4500 | ||
|---|---|---|---|
| 003 | AR-RoIUNI | ||
| 005 | 20241122062612.0 | ||
| 008 | 150616s9999 xx 000 0 und d | ||
| 020 | _a9789509030664 | ||
| 040 | _cIUNIR | ||
| 040 |
_dOCLC _cIUNIR |
||
| 080 | _a616.028 GUA | ||
| 100 | 1 |
_9173 _aParodi, Roberto |
|
| 245 | 1 |
_aGuardia médica _bEnfoque práctico de urgencias y emergencias _cParodi, , R.; Chiganer, G.; Sosa, Javier; Greca, Alcídes |
|
| 250 | _a1a. ed. | ||
| 260 | _aRosario | ||
| 260 | _bCorpus Libros Médicos y Científicos | ||
| 260 | _c2008 | ||
| 300 | _a482 p. | ||
| 300 | _c21 cm. | ||
| 650 | 1 | 0 |
_aMedicina _958 |
| 650 | 1 | 0 |
_9175 _aGuardias Médicas |
| 650 | 1 | 0 |
_9176 _aUrgencias |
| 942 |
_cBK _2cdu |
||
| 999 |
_c1212 _d1212 |
||